Diana Ross Songs - Statistics

General Stats
  • This quiz has been taken 29 times
  • The average score is 9 of 15
Answer Stats
Hint Answer % Correct
I'm Coming ? Out
95%
Upside ? Down
90%
Endless ? Love
90%
Why Do Fools? ? Fall In Love
81%
Chain ? Reaction
67%
Remember ? Me
62%
My Old ? Piano
62%
Do You Know ? Where You're Going To
62%
Love ? Hangover
57%
I'm Still ? Waiting
57%
Work That ? Body
43%
You Are ? Everything
43%
When You Tell Me ? That You Love Me
38%
Not Over ? You Yet
29%
Pieces Of ? Ice
24%
No matching quizzes found
Score Distribution
Percent of People with Each Score
Percentile by Number Answered
Your Score History
You have not taken this quiz